000
00252nam a2200109Ia 4500
008
190216s9999||||xx |||||||||||||| ||und||
100
_a
Sankara Kurup G
245
0
_a
G Yude Notebook
260
_b
Nbs Kottayam
650
_a
Essay Malayalam
942
_c
BK
999
_c
24878
_d
24878